000 00794nam a2200217 a 4500
003 0
005 20250609112542.0
008 021128s19uu xx 00 eng d
050 _aPGS TP 991
_b.Sa123 2000
100 _aSacristia, Angel Abigale P.
245 _aFactors effecting the melting of soap /
_cAngel Arbigale P. Sacristia.
260 _aLas PiƱas City, Philippines :
_bSouthville International School and Colleges,
_c2000.
300 _a61 pages :
_billustrations ;
_c28 cm.
504 _aIncludes bibliographical references.
650 _aSoap
_vAnalysis Soap
_vThermal properties.
650 _aSoap
_vThermal properties.
650 _aSoaps and detergents
_vTesting.
650 _aMelting point
_vResearch.
650 _aPhysical chemistry
_vExperiments.
942 _2lcc
_cPASS
999 _c96409
_d96409